| 000 | 00353 a2200133 4500 | ||
|---|---|---|---|
| 001 | 91644 | ||
| 082 | _aPR 1610 | ||
| 090 |
_c43800 _d43799 |
||
| 100 | _aShahzad Ali; Prof Shakeel Alvi, Advisor | ||
| 245 |
_aIntroduction to Direction Analysis in APN-77 _n52 "B" EC |
||
| 260 |
_aRawalpindi _bNUST _c2000 |
||
| 300 | _a73p | ||
| 500 | _aBE Project Reports | ||
| 942 |
_aCAE NUST _kPR 1610 |
||
| 999 |
_c326717 _d326717 |
||